000 01159nam a2200301 i 4500
003 EG-GICUC
005 20260121101407.0
008 251129s1996 ua ||||fr|||| 001 0 ara d
040 _a EG-GICUC
_bara
_c EG-GICUC
_d EG-GICUC
_erda
041 0 _aara
082 0 4 _221
_a343.436
_bأ م . أ
092 0 4 _221
099 _aLaw1 10 343.436 أ م . أ 1996
100 0 _aأمین مصطفى محمد
_eمؤلف.
245 1 2 _aالنظرية العامة لقانون العقوبات الإداري (ظاهرة الحد من العقاب) /
_cدکتور أمین مصطفی محمد .
264 1 _aالإسكندرية :
_bدار الجامعة الجديدة للنشر،
_c1996.
300 _a366 صفحة ؛
_c24 سم.
336 _2rda content
_atext
337 _2rda media
_aComputer
338 _2rda carrier
_aOnline Resource
500 _aتحتوى على كشاف.
546 _aالنص باللغة العربية
650 1 4 _aقانون العقوبات الإداري
650 1 4 _aالقانون الجنائي
856 4 0 _uhttps://fll.law.cu.edu.eg/fulltext/bks/B10-06838.pdf
905 _a77
_eHassnaa
942 _2ddc
_cBK
_e21
_n0
999 _c47435
_d47435